Délmagyarország. - 1958. június 6., Péntek
Elmentve itt :
| Dokumentumtípus: | Újság |
|---|---|
| Megjelent: |
1958-06-06
|
| Sorozat: | Délmagyarország
14 No. 132 |
| Online Access: | http://dmarchiv.bibl.u-szeged.hu/14394 |
| LEADER | 00488nas a2200145 i 4500 | ||
|---|---|---|---|
| 001 | delm14394 | ||
| 005 | 20200414155817.0 | ||
| 008 | 171215s1958 hu n o 0|| hun d | ||
| 022 | |a 0133-025X | ||
| 040 | |a SZTE Délmagyarország Archívum |b hun | ||
| 041 | |a hun | ||
| 245 | 0 | 0 | |a Délmagyarország. - 1958. június 6., Péntek |h [elektronikus dokumentum] |
| 260 | |c 1958-06-06 | ||
| 490 | 0 | |a Délmagyarország |v 14 No. 132 | |
| 856 | 4 | 0 | |u http://dmarchiv.bibl.u-szeged.hu/14394/1/dm_1958_132.pdf |z Dokumentum-elérés |